Initiales SA à SZ - Statistiques

Statistiques générales
  • Ce quiz a été pris 33 fois
  • Le résultat moyen est 11 sur 25
Statistiques - réponses
Initiales Définitions Réponses % Correct
SV Femme d'État française, dépénalisant l'IVG Simone Veil
93%
SS Jurassic Park, E.T, Indiana Jones, Les dents de la Mer Steven Spielberg
83%
SU Ce footballeur champion en 2018 casse la démarche Samuel Umtiti
76%
SL Pilote français 9 fois champion du monde des rallyes Sébastien Loeb
76%
SG Justin Bieber à écrit l'album Purpose spécialement pour elle Selena Gomez
76%
SR Animateur de Top Chef et de Pékin Express sur M6 Stéphane Rotenberg
72%
SJ Elle joue Natasha Romanoff / Black Widow Scarlett Johansson
66%
ST Joueur de tennis grec triple vainque du Master 1000 de Monaco Stéfanos Tsitsipás
66%
SC Il est considéré comme le meilleur tireur de l'histoire du basket Stephen Curry
59%
SE Footballeur camerounais aujourd'hui président de cette même fédération Samuel Eto'o
55%
SP Temperature, She Doesn't Mind, Get Busy sont ses titres Sean Paul
52%
SO Dernier français multiple champion du monde des rallyes Sébastien Ogier
48%
SY Coureur cycliste britannique vainqueur du Tour de France 2018 Simon Yates
48%
SK Réalisateur de Full Metal Jacket Stanley Kubrick
48%
SH Actrice mexicaine, jouant dans Copain pour toujours Salma Hayek
41%
SN Vainqueur de la coupe du monde 2018 Steven Nzonzi
31%
SW Compositeur américano-ghanéen, il est aveugle depuis la naissance Stevie Wonder
28%
SB Elle joue Brooke Davis dans les Frères Scott Sophia Bush
24%
SD Ce rappeur chante From the D 2 the LBC avec Eminem Snoop Dogg
21%
SZ Catcheur canadien dont la vraie identité est Rami Sebei Sami Zayn
14%
SM Catcheur 4 fois champion du monde Shawn Michaels
3%
SA Sauteur à skis suisse dont le nom sonne comme une capitale Simon Ammann
3%
SQ Nageuse italienne championne du monde du 1 500 mètres en 2019 et 2024 Simona Quadarella
3%
SI Cet animateur de télévision australienne c'est fait piqué au cœur par une raie pastenague Steve Irwin
3%
SF Chanteuse ayant vendu plus de 35 millions de disques en trois albums Samantha Fox
0%
Aucun quiz correspondant
Distribution des résultats
% des personnes avec chaque résultat
Percentile par nombre de réponses
Votre historique - résultats
Vous n’avez pas pris ce quiz